Guide to Westgrove's native trees (A) (Record no. 364692)
[ view plain ]
| 000 -LEADER | |
|---|---|
| fixed length control field | 00727nam a22002297a 4500 |
| 003 - CONTROL NUMBER IDENTIFIER | |
| control field | 0 |
| 005 - DATE AND TIME OF LATEST TRANSACTION | |
| control field | 20220224124621.0 |
| 008 - FIXED-LENGTH DATA ELEMENTS--GENERAL INFORMATION | |
| fixed length control field | 220224b xxu||||| |||| 00| 0 eng d |
| 020 ## - INTERNATIONAL STANDARD BOOK NUMBER | |
| International Standard Book Number | 978-621-9637-0-4 |
| 050 ## - LIBRARY OF CONGRESS CALL NUMBER | |
| Classification number | SB439.26 |
| Item number | .S88 2020 |
| 100 ## - MAIN ENTRY--PERSONAL NAME | |
| Personal name | Suticliffe, Leni G. |
| 245 ## - TITLE STATEMENT | |
| Title | Guide to Westgrove's native trees (A) |
| Statement of responsibility, etc | Leni G. Suticliffe; Pastor L. Malabrigo,Jr. |
| 260 ## - PUBLICATION, DISTRIBUTION, ETC. (IMPRINT) | |
| Place of publication, distribution, etc | Silang, Cavite,Philippines. |
| Name of publisher, distributor, etc | Ayala Westgrove Heights Homeowner Association, Inc. |
| Date of publication, distribution, etc | c2020 |
| 300 ## - PHYSICAL DESCRIPTION | |
| Extent | 446 pages. |
| Other physical details | illustrations.colored; |
| Dimensions | 21 cm. |
| 440 ## - SERIES STATEMENT/ADDED ENTRY--TITLE | |
| Volume number/sequential designation | 1 |
| 500 ## - GENERAL NOTE | |
| General note | Includes bibliographic references. |
| 650 ## - SUBJECT ADDED ENTRY--TOPICAL TERM | |
| Topical term or geographic name as entry element | Trees |
| 650 ## - SUBJECT ADDED ENTRY--TOPICAL TERM | |
| Topical term or geographic name as entry element | Identifications |
| 651 ## - SUBJECT ADDED ENTRY--GEOGRAPHIC NAME | |
| Geographic name | Philippines |
| 942 ## - ADDED ENTRY ELEMENTS (KOHA) | |
| Source of classification or shelving scheme | Library of Congress Classification |
| Koha item type | Books |
No items available.